000
00326 a2200157 4500
001
57975
020
_a
040
_c
Anchieta - Pituba
100
_a
Carducci, Giosuè
240
1
0
_a
Poesias escolhidas
_l
por
245
1
0
_a
Poesias escolhidas
300
_a
249
362
0
_a
1971
650
4
_a
Poesia italiana
942
_c
BK
999
_c
57975
_d
57975